=LDR 00000nam 2200000 4500 =001 INLIS000000000059680 =005 20211124075530 =035 ##$$a 0010-1121000417 =007 ta =008 211124###########################0#ind## =020 ##$$a 979-963-379-6 =082 ##$$a 297.31 =084 ##$$a 297.31 Wan m =245 1#$$a Misteri Energi Cinta /$c Wawan Susetya =300 ##$$a 227 halaman ; $c 20 cm =650 #4$$a Iman Kepada Allah =264 ##$$a yogyakarta :$b Diva Press,$c 2007 =336 ##$$a teks$2 rdacontent =337 ##$$a lain-lain$2 rdamedia =338 ##$$a lain-lain$2 rdacarrier =990 ##$$a 32043204